00681nam a22001937a 450000500170000000800410001701000140005802000260007203500130009803700130011104000170012408200080014110000210014924501240017025000120029426000850030627000620039130000340045320100407105636.0100407t xxu||||| |||| 00| 0 eng d aENG-95982 a9788131729045c625.00 aEN-79515 bDBAD/VEN adplbEnglish a530 aDudeja, Ravi Raj aThe Pearson guide to objective Physics for the AIEEE: cby Ravi Raj DudejabAll India Engineering entrance Examination/ a3rd ed. aDelhibDorling Kindersley (India) Pvt. Ltd. Licensees of Pearson Educationc2010 a14, Local Shopping Centre, Panchsheel ParkbDelhie110017 aVarious pagingsc28 cm. (pbk)